| 000 | 01745nam a2200361 i 4500 | ||
|---|---|---|---|
| 003 | EG-GICUC | ||
| 005 | 20260121152957.0 | ||
| 008 | 260121s1978 ua ||||f |||| 00| 0 ara d | ||
| 040 |
_a EG-GICUC _bara _c EG-GICUC _d EG-GICUC _erda |
||
| 041 | _aara | ||
| 082 | 0 | 4 |
_221 _a345.5 _bم ح . م |
| 092 | 0 | 4 | _221 |
| 099 | _aLaw1 07 345.5 م ح . م 1978 | ||
| 100 | 0 |
_aمحمد سعيد أحمد _eمترجم. |
|
| 245 | 1 | 2 |
_aالموازنة والتخطيط للتنمية في الدول النامية / _cعرض وترجمة الدكتور محمد سعيد أحمد . |
| 246 | _aBudgeting and Planning for Development in Developing Countries | ||
| 264 | 1 |
_aالقاهرة : _bالمنظمة العربية للعلوم الإدارية ، _c1978 . |
|
| 300 |
_a87 ؛ صفحة _c24 سم |
||
| 336 |
_2rda content _atext |
||
| 337 |
_2rda media _aComputer |
||
| 338 |
_2rda carrier _aOnline Resource |
||
| 490 |
_aسلسلة الفكر الإداري المعاصر _v31 |
||
| 504 | _aببليوجرافيا: صفحات 85-87 | ||
| 504 | _aيشتمل على إرجاعات ببليوجرافية | ||
| 505 | _aترجمة : Budgeting and Planning for Development in Developing Countries Report of the Meeting of the Expert Group on Budget Formulation in Developing Countries U.N. Headquarters, 20-27 October 1975 . تقرير اجتماع خبراء الدول النامية في مؤتمر هيئة الأمم عام 1975 | ||
| 650 | 1 | 4 |
_aالأموال عامة _2qrmak |
| 650 | 1 | 4 |
_aالقانون الإداري _2qrmak |
| 651 | 1 | _2qrmak | |
| 830 |
_aسلسلة الفكر الإداري المعاصر _v31 |
||
| 856 | 4 | 0 | _uhttps://fll.law.cu.edu.eg/fulltext/bks/B07-00050.pdf |
| 905 | _a61 | ||
| 942 |
_2ddc _cBK _e21 _n0 |
||
| 999 |
_c58490 _d58490 |
||